Hádanka pátra Michala humor, výsada slobodného človeka

Bibliographic Details
Main Author: Hubeňáková, Júlia (Author)
Format: Article
Language:Slovak
Subjects:

MARC

LEADER 00000nab a2200000 a 4500
001 vtls001023726
003 SK-MaSNL
005 20260303042019.0
008 040720e19960523xo 0 slo
035 |a SL2301 
040 |a SLLK  |b slo  |c SLLK  |e AACR2 
041 0 |a slo 
044 |a xo  |c SK 
080 |a 271-051  |2 1981 
100 1 |a Hubeňáková, Júlia  |4 aut  |9 334476 
245 1 0 |a Hádanka pátra Michala  |b humor, výsada slobodného človeka  |c Júlia Hubeňáková 
600 0 7 |a Michal  |b páter  |2 SLLK  |9 1027701 
650 0 7 |a ľudové misie  |2 SLLK  |9 998360 
651 7 |a Stará Ľubovňa (Slovensko)  |2 snkbucl  |9 19193 
773 0 8 |t Ľubovnianske noviny  |g Roč. 22, č.21, 23.5.1996, s. 2 
852 |a ZVYKNI  |b KIS3GCP 
999 |c 1690156  |d 1692086